[Event "European Online Club-ch-C 2021"]
[Site "Online"]
[Date "2021.03.27"]
[Round "1.1"]
[White "Fedoseev, Vladimir"]
[Black "Sahin, Ozgun"]
[Result "1-0"]
[WhiteElo "2687"]
[BlackElo "2281"]
[Annotator "TA"]
[PlyCount "51"]
[EventDate "2021.03.27"]
[EventType "team-tourn"]
[EventCountry "NET"]
[SourceTitle "playchess.com"]
[Source "ChessBase"]
[SourceQuality "1"]

{[%evp 13,51,15,7,-4,18,31,31,26,36,30,53,53,53,53,53,48,53,45,46,50,120,51,60,32,47,41,378,378,400,334,369,380,376,376,444,444,528,527,586,542]} 1. d4 d5 2. c4 e6 3. Nf3 Nf6 4. Nc3 Be7 5. Bf4 O-O 6. e3 a6 7. c5 b6 8. b4 {D37: Queen's Gambit Declined: 5 Bf4.} a5 (8... Ne4 {is more complex.} 9. Nxe4 dxe4 10. Nd2 f5 11. Bg3 Bb7) 9. a3 {[%cal Ba2a3,Ba3b4,Bb4c5][%mdl 32]} axb4 10. axb4 {White is slightly better.} Rxa1 11. Qxa1 {[#]} bxc5 $146 ({Predecessor:} 11... Nc6 12. Qb2 bxc5 13. bxc5 Nh5 14. Bd3 Nxf4 15. exf4 Bf6 16. Ne2 Bd7 {1-0 (35) Del Rosario Moreno,C (2057)-Duran Lantigua,E (1926) Santo Domingo 2015}) 12. bxc5 Nh5 13. Be5 f6 14. Bg3 Nxg3 15. hxg3 {Black must now prevent Qb1.} Nc6 16. Bd3 $36 {[%mdl 2048] White has some pressure.} f5 {[#]} (16... g6 $14) 17. O-O (17. g4 $1 $16) 17... Bd7 $14 18. Nb5 Nb4 19. Be2 c6 $2 {[%mdl 8192] This costs Black the game.} (19... Nc6 $1 $14) 20. Nc3 $18 {[%cal Bb5c3,Bc3a2,Ba2b4][%mdl 32]} Qa8 21. Qb2 Rb8 {[#]} 22. Ra1 {[%cal Ra1a8]} Qb7 23. Ra3 Bd8 24. Rb3 {White is clearly winning.} Ba5 25. Na2 Qa7 26. Nxb4 {Weighted Error Value: White=0.11/Black=0.52} 1-0

[Event "European Online Club-ch-C 2021"]
[Site "Online"]
[Date "2021.03.27"]
[Round "1.2"]
[White "Okuyaz, Duru"]
[Black "Matlakov, Maxim"]
[Result "0-1"]
[WhiteElo "2076"]
[BlackElo "2688"]
[Annotator "TA"]
[PlyCount "56"]
[EventDate "2021.03.27"]
[EventType "team-tourn"]
[EventCountry "NET"]
[SourceTitle "playchess.com"]
[Source "ChessBase"]
[SourceQuality "1"]

{[%evp 10,56,46,24,19,-75,-68,-116,-96,-106,-119,-136,-113,-118,-108,-125,-66,-112,-74,-365,-383,-667,-626,-947,-887,-994,-983,-942,-941,-903,-915,-701,-533,-513,-518,-1249,-662,-1219,-1187,-1081,-1112,-1408,-1259,-1309,-731,-29992,-29993,-29996,-29997]} 1. e4 e5 2. Nf3 Nc6 3. Bb5 a6 4. Ba4 d6 5. O-O Bd7 6. Re1 g5 $1 {[%mdl 4] [#] is more profitable than 6...g6 at the moment. C72: Ruy Lopez: Deferred Steinitz: 5 0-0.} 7. h3 $146 {[#]} (7. d4 $11) ({Predecessor:} 7. d4 g4 8. d5 Nce7 9. Bxd7+ Qxd7 10. Nfd2 h5 11. c4 b6 12. Nc3 a5 13. Ndb1 Bg7 14. Na3 {0-1 (56) Ivanchuk,V (2678)-Firouzja,A (2749) Europe Echecs INT 2020}) 7... h5 $1 $17 8. Bxc6 bxc6 {Black is better.} 9. d4 g4 10. Nh2 Bg7 11. c3 gxh3 12. g3 {[#]} Nh6 (12... Ne7 $1 $17 13. Be3 exd4 14. Bxd4 f6) 13. dxe5 Bxe5 {aiming for ...h4.} ({Much less strong is} 13... dxe5 14. Qxh5 Ng4 15. Qg5 $11) 14. f4 $2 {[%mdl 8192] [#] Loses the game.} (14. Qxh5 $17 Ng4 15. Qg5) 14... Rg8 $1 $19 15. Qf3 {[#]} ({Avoid the trap} 15. fxe5 $2 Rxg3+ 16. Kh1 Ng4 $19) (15. Kh1 Rxg3 16. fxe5) (15. Kh1 Ng4) 15... h4 $1 16. g4 (16. fxe5 Rxg3+) 16... Nxg4 17. Kh1 Nxh2 18. Kxh2 Rg2+ 19. Kh1 {[#]} Bg4 $1 20. Qf1 (20. Qe3 Rg3) 20... Bg7 21. Nd2 Rg3 22. Nc4 (22. Re2 $142) 22... Qf6 {Strongly threatening ...Bf3+.} 23. e5 Qg6 24. exd6+ Kf8 {( -> ...Bf3+)} 25. Re3 cxd6 26. Bd2 Be6 27. f5 Bd5+ 28. Kh2 Rg2+ {Weighted Error Value: White=1.10/Black=0.32} 0-1

[Event "European Online Club-ch-C 2021"]
[Site "Online"]
[Date "2021.03.27"]
[Round "1.3"]
[White "Esipenko, Andrey"]
[Black "Gallevci, Yagiz"]
[Result "1-0"]
[WhiteElo "2677"]
[BlackElo "2069"]
[Annotator "TA"]
[PlyCount "119"]
[EventDate "2021.03.27"]
[EventType "team-tourn"]
[EventCountry "NET"]
[SourceTitle "playchess.com"]
[Source "ChessBase"]
[SourceQuality "1"]

{[%evp 12,119,27,29,28,18,34,44,60,52,55,63,55,55,62,46,33,45,59,35,0,0,0,0,75,7,0,0,39,32,39,39,32,25,0,0,0,0,81,75,80,50,65,39,54,48,255,0,444,370,568,255,255,255,255,255,255,255,255,255,255,255,255,255,255,255,255,255,255,255,256,167,167,135,167,116,167,131,191,121,460,460,453,371,397,202,301,314,314,307,307,253,272,295,258,172,29991,29992,29992,29993,29993,29994,29994,29994,29994,29995,29995,29995,29995,29996]} 1. d4 d5 2. c4 c6 3. Nf3 Nf6 4. e3 e6 5. Bd3 Nbd7 6. b3 Bd6 7. Bb2 O-O {A06: Réti Opening: 1 Nf3 d5.} 8. O-O Qe7 9. Ne5 {9.Nbd2 injects fresh life into this line.} g6 {White is slightly better.} 10. Nd2 Ba3 11. Bxa3 Qxa3 12. f4 c5 {[#]} 13. Qe1 $146 ({Predecessor:} 13. Qc2 cxd4 14. exd4 dxc4 15. bxc4 Qd6 16. Qb2 b6 17. Ndf3 Rb8 18. Rad1 Bb7 19. Ng5 {1-0 (46) Sivuk,V (2525)-Nadirjanova,N (2179) Tashkent 2018}) 13... cxd4 14. exd4 b6 15. Ndf3 Bb7 16. Ng5 Qb2 {aiming for ...dxc4.} 17. Ngf3 Rad8 (17... Qa3 $11) 18. Rf2 (18. c5 $16 {Black must now prevent c6.} bxc5 19. Qa5 cxd4 20. Qxa7) 18... Qa3 $11 19. Rd1 Ne4 20. Bxe4 dxe4 21. Ng5 {[%cal Bf3g5,Bg5h3,Bh3f2][%mdl 32]} Nf6 22. Qe3 h6 23. Nh3 Kh7 24. Rfd2 a5 (24... Ng8 $11) 25. Nf2 $16 a4 26. g4 axb3 27. axb3 Nd7 $1 28. g5 h5 $2 {[#]} (28... Nxe5 $14 29. fxe5 h5) 29. d5 $2 (29. Nxe4 Bxe4 30. Qxe4 Nxe5 $11) (29. Nxd7 $1 $18 Rxd7 30. d5 (30. Nxe4 Bxe4 31. Qxe4 Qxb3 $11) 30... exd5 {[#]} 31. Nxe4 $1 {[%mdl 512]} (31. cxd5 f5 $16) (31. Qxb6 Re7 $17) 31... dxe4 32. Rxd7) 29... exd5 $2 {[%mdl 8192] [#]} (29... Nxe5 $11 {and Black has nothing to worry.} 30. fxe5 b5) 30. Nxe4 $1 $18 {[%mdl 512]} dxe4 (30... Nxe5 $142 31. Nf6+ (31. fxe5 d4 $18) 31... Kh8 32. Qxe5 Qd6 33. cxd5 (33. Nxd5+ Qxe5 34. fxe5 Rde8 $16) 33... Qxe5 34. fxe5 Bc8) 31. Nxd7 (31. Rxd7 $142 Rxd7 32. Nxd7) 31... Rxd7 32. Rxd7 Bc8 33. Rd8 (33. Qxe4 Bxd7 34. Rxd7 Qxb3 $11) 33... Rxd8 34. Rxd8 {[%mdl 4096] Endgame KQR-KQB} Qa1+ 35. Kf2 Bg4 36. h3 ({Worse is} 36. Qxe4 Qb2+ 37. Kg1 Qa1+ 38. Kg2 Qb2+ 39. Kg3 Bf5 $14) 36... Bf5 37. Kg2 Qb2+ 38. Rd2 Qc1 39. Re2 Qd1 40. b4 Qb1 41. b5 Qd1 42. Rf2 Qb1 43. Kh2 (43. Qxb6 Qd3 $11) (43. Kg3 $18) 43... Qa1 (43... Be6 $16 {was necessary.} 44. Qc3 (44. Qxb6 Qd3 $11) 44... Bf5) 44. Re2 {Threatens to win with c5.} ({And not} 44. Qxb6 Qc3 $11) 44... Qd1 (44... Qa4 $16) 45. Ra2 (45. c5 $18) 45... Qf1 $2 {[%mdl 8192]} (45... Qb1 $16 {is a better chance.} 46. Re2 Qb4) 46. c5 bxc5 47. b6 Qb1 48. Ra7 (48. Ra8 $142 {And now Qc3 would win.} Qb5 49. Kg3 (49. Qc3 Qe2+ 50. Kg1 Qd1+ 51. Kg2 Qe2+ 52. Kg1 Qd1+ 53. Kf2 e3+ 54. Qxe3 Qh1 $11)) 48... Qb2+ (48... Qxb6 $142 49. Rxf7+ Kg8) 49. Kg3 Qxb6 50. Rxf7+ Kg8 51. Re7 {White threatens Qc3 and mate.} Qb4 52. Rc7 c4 53. Ra7 {Ra8+ is the strong threat.} Qb1 $2 (53... Qd6 $18 54. Kg2 Qd3) 54. Ra8+ {White mates.} Kf7 55. Qa7+ Ke6 56. Qa6+ {[%mdl 64] Double Attack} Ke7 57. Ra7+ Bd7 58. Qf6+ Ke8 59. Qh8+ Ke7 60. Qg7+ {Weighted Error Value: White=0.25/Black=0.64} 1-0

[Event "European Online Club-ch-C 2021"]
[Site "Online"]
[Date "2021.03.27"]
[Round "1.4"]
[White "Deveci, Huseyin Said"]
[Black "Shimanov, Aleksandr"]
[Result "0-1"]
[WhiteElo "1521"]
[BlackElo "2597"]
[Annotator "ChessBase"]
[PlyCount "122"]
[EventDate "2021.03.27"]
[EventType "team-tourn"]
[EventCountry "NET"]
[SourceTitle "playchess.com"]
[Source "ChessBase"]
[SourceQuality "1"]
[TimeControl "900+5"]

1. e4 {[%emt 0:00:00]} c6 {[%emt 0:00:10]} 2. d4 {[%emt 0:00:05]} d5 {[%emt 0:00:04]} 3. Nd2 {[%emt 0:00:18]} dxe4 {[%emt 0:00:05]} 4. Nxe4 {[%emt 0:00:25]} Bf5 {[%emt 0:00:02]} 5. Ng3 {[%emt 0:00:04]} Bg6 {[%emt 0:00:02]} 6. h4 {[%emt 0:00:03]} h6 {[%emt 0:00:04]} 7. Nf3 {[%emt 0:00:05]} Nd7 {[%emt 0:00:20]} 8. h5 {[%emt 0:00:06]} Bh7 {[%emt 0:00:02]} 9. Bd3 {[%emt 0:00:02]} Bxd3 {[%emt 0:00:02]} 10. Qxd3 {[%emt 0:00:02]} e6 {[%emt 0:00:01]} 11. Bd2 {[%emt 0:00:03]} a5 {[%emt 0:00:18]} 12. O-O-O {[%emt 0:00:26]} Bb4 {[%emt 0:00:04]} 13. c3 {[%emt 0:00:25]} Be7 {[%emt 0:00:03]} 14. Kb1 {[%emt 0:00:18]} Ngf6 {[%emt 0:00:05]} 15. Ne4 {[%emt 0:00:12]} Nxe4 {[%emt 0:00:48]} 16. Qxe4 {[%emt 0:00:04]} Nf6 {[%emt 0:00:01]} 17. Qe2 {[%emt 0:00:02]} Qd5 {[%emt 0:00:03]} 18. c4 {[%emt 0:00:02]} Qe4+ {[%emt 0:00:05]} 19. Qxe4 {[%emt 0:00:02]} Nxe4 {[%emt 0:00:00]} 20. Be3 {[%emt 0:00:01]} Nd6 {[%emt 0:01:02]} 21. Ne5 {[%emt 0:01:18]} Bf6 {[%emt 0:00:25]} 22. c5 {[%emt 0:01:08]} Nf5 {[%emt 0:00:07]} 23. g4 {[%emt 0:00:27]} Ne7 {[%emt 0:00:44]} 24. Nc4 {[%emt 0:00:32]} Nd5 {[%emt 0:00:05]} 25. Rd3 {[%emt 0:01:08]} O-O {[%emt 0:01:23]} 26. Ra3 {[%emt 0:00:27]} a4 {[%emt 0:00:27]} 27. Nd6 {[%emt 0:00:21]} Rfb8 {[%emt 0:00:11]} 28. Rc1 {[%emt 0:00:28]} Be7 {[%emt 0:01:03]} 29. Rc4 {[%emt 0:02:42]} b5 {[%emt 0:00:50]} 30. Rc1 {[%emt 0:00:34]} Bxd6 {[%emt 0:00:15]} 31. cxd6 {[%emt 0:00:03]} Ra6 {[%emt 0:00:04]} 32. b3 {[%emt 0:03:14]} Kf8 {[%emt 0:00:09]} 33. Bd2 {[%emt 0:00:47]} Ke8 {[%emt 0:00:19]} 34. bxa4 {[%emt 0:00:19]} bxa4+ {[%emt 0:00:04]} 35. Ka1 {[%emt 0:00:05]} Kd7 {[%emt 0:00:07]} 36. Rc4 {[%emt 0:01:10]} Rab6 {[%emt 0:01:11]} 37. Rc1 {[%emt 0:00:03]} Ra6 {[%emt 0:00:17]} 38. Rc4 {[%emt 0:00:03]} Rba8 {[%emt 0:00:01]} 39. Bb4 {[%emt 0:00:20]} Nxb4 {[%emt 0:01:08]} 40. Rxb4 {[%emt 0:00:02]} Kxd6 {[%emt 0:00:01]} 41. Rc3 {[%emt 0:00:07]} a3 {[%emt 0:00:11]} 42. Rcc4 {[%emt 0:00:16]} Kc7 {[%emt 0:00:48]} 43. Kb1 {[%emt 0:00:06]} Ra5 {[%emt 0:00:19]} 44. Kc2 {[%emt 0:00:04]} f5 {[%emt 0:00:03]} 45. f3 {[%emt 0:00:07]} fxg4 {[%emt 0:00:03]} 46. fxg4 {[%emt 0:00:01]} Rg5 {[%emt 0:00:02]} 47. Rc3 {[%emt 0:00:10]} Rxg4 {[%emt 0:00:05]} 48. Rcb3 {[%emt 0:00:01]} Rg2+ {[%emt 0:00:06]} 49. Kd3 {[%emt 0:00:05]} Ra7 {[%emt 0:00:09]} 50. Rb8 {[%emt 0:00:08]} Rxa2 {[%emt 0:00:09]} 51. Rg8 {[%emt 0:00:01]} Rg2 {[%emt 0:00:03]} 52. Rbb8 {[%emt 0:00:04]} a2 {[%emt 0:00:10]} 53. Rgc8+ {[%emt 0:00:05]} Kd6 {[%emt 0:00:01]} 54. Rd8+ {[%emt 0:00:02]} Ke7 {[%emt 0:00:14]} 55. Re8+ {[%emt 0:00:01]} Kf6 {[%emt 0:00:03]} 56. Rf8+ {[%emt 0:00:12]} Kg5 {[%emt 0:00:03]} 57. Rbe8 {[%emt 0:00:13]} a1=Q {[%emt 0:00:05]} 58. Ke4 {[%emt 0:00:02]} Re2+ {[%emt 0:00:05]} 59. Kf3 {[%emt 0:00:01]} Qf1+ {[%emt 0:00:02]} 60. Kg3 {[%emt 0:00:01]} Rg2+ {[%emt 0:00:02]} 61. Kh3 {[%emt 0:00:02]} Qh1# {[%emt 0:00:00]} 0-1

[Event "European Online Club-ch-C 2021"]
[Site "Online"]
[Date "2021.03.27"]
[Round "1.5"]
[White "Donchenko, Alexander"]
[Black "Micottis, Dorian"]
[Result "1-0"]
[WhiteElo "2678"]
[BlackElo "2223"]
[Annotator "TA"]
[PlyCount "71"]
[EventDate "2021.03.27"]
[EventType "team-tourn"]
[EventCountry "NET"]
[SourceTitle "playchess.com"]
[Source "ChessBase"]
[SourceQuality "1"]

{[%evp 23,71,19,60,32,43,17,36,10,27,0,26,34,38,31,41,35,33,30,35,37,41,20,47,-37,45,0,0,-45,218,138,631,618,1024,804,912,908,958,802,1908,1869,1716,1893,29981,29982,29982,29980,29983,29984,29997,29998]} 1. Nf3 c5 2. c4 Nc6 3. Nc3 g6 4. e3 Nf6 5. d4 cxd4 6. exd4 d5 7. cxd5 Nxd5 8. Qb3 Nxc3 9. Bc4 Nd5 10. Bxd5 e6 11. Bxc6+ bxc6 12. O-O Bg7 13. Bg5 {A35: Symmetrical English: 2 Nc3 Nc6 3 Nf3.} Qd5 14. Qa3 {[%csl Gg5][%cal Ra3e7] [#]} f6 15. Bf4 {White is slightly better.} Kf7 16. Rac1 {[#]} Rd8 $146 (16... Bf8 $5 {[%cal Rf8a3]} 17. Qa4 g5 $11) ({Predecessor:} 16... Bf8 17. Qe3 Be7 18. a3 a5 19. Bc7 Ra6 20. h4 Bd7 21. Rfd1 Rc8 22. Bg3 Be8 {½-½ (57) Firt,S (2347)-David,P (2430) Czechia 2003}) 17. Rc5 Qd7 {Threatening ...Bf8.} 18. Qa4 Bb7 19. Rfc1 Bf8 20. Ra5 a6 21. Qb3 Rac8 {With the idea ...c5.} 22. h4 Kg7 23. Qe3 ({White should play} 23. Nd2 $14) 23... Kf7 (23... Bb4 $15 24. Bh6+ Kg8) 24. Bh6 Bb4 25. Qf4 {Hoping for Ne5+.} Qc7 {[%mdl 8192]} (25... Qe7 $1 $15 {keeps the upper hand.} 26. Ra4 Bd6) 26. Re5 {Black must now prevent h5.} Rd6 $2 {[%mdl 8192] This move loses the game for Black.} (26... Bf8 $16) 27. Ng5+ $18 Ke7 {[#]} 28. Bg7 $1 f5 (28... Kd7 29. Bxf6) 29. a3 Ba5 30. Nxh7 Bb6 31. Qg5+ Kf7 32. Qh6 Bxd4 33. Ng5+ {White mates.} Ke7 34. Qxg6 Bxe5 35. Bxe5 Rd1+ 36. Rxd1 {[%csl Gg5][%cal Rg6f7] Weighted Error Value: White=0.28/Black=0.87} 1-0

[Event "European Online Club-ch-C 2021"]
[Site "Online"]
[Date "2021.03.27"]
[Round "1.6"]
[White "Bruch, Jochen"]
[Black "Heimann, Andreas"]
[Result "0-1"]
[WhiteElo "2187"]
[BlackElo "2606"]
[Annotator "ChessBase"]
[PlyCount "84"]
[EventDate "2021.03.27"]
[EventType "team-tourn"]
[EventCountry "NET"]
[SourceTitle "playchess.com"]
[Source "ChessBase"]
[SourceQuality "1"]
[TimeControl "900+5"]

1. Nf3 {[%emt 0:00:00]} d5 {[%emt 0:00:04]} 2. g3 {[%emt 0:00:03]} g6 {[%emt 0:00:04]} 3. Bg2 {[%emt 0:00:04]} Bg7 {[%emt 0:00:02]} 4. O-O {[%emt 0:00:02]} Nf6 {[%emt 0:00:02]} 5. d3 {[%emt 0:00:04]} O-O {[%emt 0:00:02]} 6. Nbd2 {[%emt 0:00:03]} Nc6 {[%emt 0:00:02]} 7. e4 {[%emt 0:00:06]} dxe4 {[%emt 0:00:01]} 8. dxe4 {[%emt 0:00:03]} a5 {[%emt 0:00:02]} 9. c3 {[%emt 0:00:03]} Nd7 {[%emt 0:00:21]} 10. Qc2 {[%emt 0:00:50]} Nc5 {[%emt 0:02:34]} 11. Ne1 {[%emt 0:01:56]} b6 {[%emt 0:00:04]} 12. f4 {[%emt 0:01:13]} Ba6 {[%emt 0:00:10]} 13. Rf3 {[%emt 0:00:19]} e6 {[%emt 0:00:01]} 14. Nb3 {[%emt 0:00:14]} Nxb3 {[%emt 0:00:18]} 15. Qxb3 {[%emt 0:00:36]} e5 {[%emt 0:00:48]} 16. Be3 {[%emt 0:00:32]} Qe7 {[%emt 0:00:41]} 17. Rf2 {[%emt 0:00:10]} Rad8 {[%emt 0:00:22]} 18. Rd1 {[%emt 0:00:07]} Bc4 {[%emt 0:00:50]} 19. Qc2 {[%emt 0:00:05]} Rxd1 {[%emt 0:00:05]} 20. Qxd1 {[%emt 0:00:05]} Rd8 {[%emt 0:00:02]} 21. Qc2 {[%emt 0:00:14]} f6 {[%emt 0:00:41]} 22. b3 {[%emt 0:00:09]} Bf7 {[%emt 0:00:03]} 23. Rd2 {[%emt 0:00:05]} Bf8 {[%emt 0:00:10]} 24. Rxd8 {[%emt 0:00:29]} Qxd8 {[%emt 0:00:00]} 25. Nd3 {[%emt 0:00:07]} Bd6 {[%emt 0:00:07]} 26. Nf2 {[%emt 0:00:46]} Qe7 {[%emt 0:00:27]} 27. Bf1 {[%emt 0:00:46]} Bc5 {[%emt 0:04:39]} 28. Qd2 {[%emt 0:02:43]} Bxe3 {[%emt 0:00:03]} 29. Qxe3 {[%emt 0:00:04]} Be6 {[%emt 0:00:00]} 30. Qc1 {[%emt 0:01:47]} Kg7 {[%emt 0:00:13]} 31. Kg2 {[%emt 0:00:02]} Qc5 {[%emt 0:00:07]} 32. Nd3 {[%emt 0:00:14]} Qd6 {[%emt 0:00:03]} 33. Qb2 {[%emt 0:00:43]} Bc8 {[%emt 0:00:32]} 34. Qc1 {[%emt 0:00:50]} Bb7 {[%emt 0:00:30]} 35. Nf2 {[%emt 0:00:03]} Nd8 {[%emt 0:00:07]} 36. Bc4 {[%emt 0:00:28]} f5 {[%emt 0:00:57]} 37. Bd3 {[%emt 0:01:03]} Ne6 {[%emt 0:00:41]} 38. Kg1 {[%emt 0:00:17]} exf4 {[%emt 0:00:17]} 39. exf5 {[%emt 0:00:13]} fxg3 {[%emt 0:00:01]} 40. fxe6 {[%emt 0:00:10]} gxf2+ {[%emt 0:00:06]} 41. Kxf2 {[%emt 0:00:04]} Qxd3 {[%emt 0:00:10]} 42. Qf4 {[%emt 0:00:15]} Qf5 {[%emt 0:00:03]} 0-1

[Event "European Online Club-ch-C 2021"]
[Site "Online"]
[Date "2021.03.27"]
[Round "1.7"]
[White "Keymer, Vincent"]
[Black "Kirsch, Laurent"]
[Result "1-0"]
[WhiteElo "2591"]
[BlackElo "2120"]
[Annotator "ChessBase"]
[PlyCount "77"]
[EventDate "2021.03.27"]
[EventType "team-tourn"]
[EventCountry "NET"]
[SourceTitle "playchess.com"]
[Source "ChessBase"]
[SourceQuality "1"]
[TimeControl "900+5"]

1. Nf3 {[%emt 0:00:00]} d5 {[%emt 0:00:07]} 2. e3 {[%emt 0:00:02]} Nf6 {[%emt 0:00:07]} 3. c4 {[%emt 0:00:06]} c6 {[%emt 0:00:03]} 4. Nc3 {[%emt 0:00:02]} e6 {[%emt 0:00:04]} 5. b3 {[%emt 0:00:02]} Bd6 {[%emt 0:00:10]} 6. Bb2 {[%emt 0:00:02]} O-O {[%emt 0:00:03]} 7. h3 {[%emt 0:00:11]} b6 {[%emt 0:00:21]} 8. d4 {[%emt 0:00:02]} Nbd7 {[%emt 0:00:07]} 9. Bd3 {[%emt 0:00:02]} Bb7 {[%emt 0:00:27]} 10. O-O {[%emt 0:00:03]} e5 {[%emt 0:00:54]} 11. cxd5 {[%emt 0:00:12]} cxd5 {[%emt 0:00:05]} 12. Nb5 {[%emt 0:00:06]} Bb8 {[%emt 0:01:04]} 13. dxe5 {[%emt 0:00:35]} Ne4 {[%emt 0:00:10]} 14. Rc1 {[%emt 0:02:55]} a6 {[%emt 0:01:33]} 15. Nd6 {[%emt 0:01:52]} Nxd6 {[%emt 0:00:57]} 16. exd6 {[%emt 0:00:00]} Bxd6 {[%emt 0:00:04]} 17. Bb1 {[%emt 0:00:42]} Nf6 {[%emt 0:00:54]} 18. Qd4 {[%emt 0:00:24]} Bc5 {[%emt 0:00:21]} 19. Qf4 {[%emt 0:00:59]} Ne4 {[%emt 0:01:15]} 20. Qg4 {[%emt 0:00:54]} f6 {[%emt 0:00:22]} 21. Nd4 {[%emt 0:01:12]} Bc8 {[%emt 0:02:46]} 22. Nf5 {[%emt 0:01:36]} g6 {[%emt 0:00:53]} 23. Bxe4 {[%emt 0:00:03]} dxe4 {[%emt 0:00:12]} 24. Nh6+ {[%emt 0:00:02]} Kg7 {[%emt 0:00:14]} 25. Qxe4 {[%emt 0:00:02]} Ra7 {[%emt 0:00:21]} 26. Ng4 {[%emt 0:00:51]} Bf5 {[%emt 0:00:41]} 27. Qf3 {[%emt 0:00:15]} Bxg4 {[%emt 0:00:19]} 28. hxg4 {[%emt 0:00:00]} h6 {[%emt 0:00:21]} 29. Rfd1 {[%emt 0:00:02]} Qe7 {[%emt 0:00:07]} 30. Rd5 {[%emt 0:00:07]} Ba3 {[%emt 0:00:22]} 31. Bxa3 {[%emt 0:00:34]} Qxa3 {[%emt 0:00:02]} 32. Rc6 {[%emt 0:00:00]} b5 {[%emt 0:00:18]} 33. Qe2 {[%emt 0:00:08]} Qb4 {[%emt 0:00:28]} 34. Rd4 {[%emt 0:00:07]} Qe7 {[%emt 0:00:15]} 35. Qd3 {[%emt 0:00:06]} Rb8 {[%emt 0:00:32]} 36. Rdd6 {[%emt 0:00:09]} a5 {[%emt 0:00:05]} 37. Rxf6 {[%emt 0:00:04]} Qxf6 {[%emt 0:00:01]} 38. Rxf6 {[%emt 0:00:00]} Kxf6 {[%emt 0:00:01]} 39. Qd4+ {[%emt 0:00:01]} 1-0

[Event "European Online Club-ch-C 2021"]
[Site "Online"]
[Date "2021.03.27"]
[Round "1.8"]
[White "Schlueter, Yves"]
[Black "Kollars, Dmitrij"]
[Result "0-1"]
[WhiteElo "2058"]
[BlackElo "2598"]
[Annotator "ChessBase"]
[PlyCount "72"]
[EventDate "2021.03.27"]
[EventType "team-tourn"]
[EventCountry "NET"]
[SourceTitle "playchess.com"]
[Source "ChessBase"]
[SourceQuality "1"]
[TimeControl "900+5"]

1. c4 {[%emt 0:00:00]} e5 {[%emt 0:00:13]} 2. Nc3 {[%emt 0:00:04]} Bb4 {[%emt 0:00:19]} 3. d3 {[%emt 0:00:02]} Bxc3+ {[%emt 0:00:11]} 4. bxc3 {[%emt 0:00:02]} Ne7 {[%emt 0:00:03]} 5. g3 {[%emt 0:00:03]} O-O {[%emt 0:00:03]} 6. Bg2 {[%emt 0:00:02]} d6 {[%emt 0:00:05]} 7. Nf3 {[%emt 0:00:33]} c5 {[%emt 0:00:29]} 8. O-O {[%emt 0:00:13]} Nbc6 {[%emt 0:00:02]} 9. Rb1 {[%emt 0:00:12]} b6 {[%emt 0:00:54]} 10. d4 {[%emt 0:00:38]} Bf5 {[%emt 0:00:14]} 11. Rb2 {[%emt 0:00:53]} Qc8 {[%emt 0:00:34]} 12. d5 {[%emt 0:02:19]} Na5 {[%emt 0:00:09]} 13. Nd2 {[%emt 0:00:04]} Bh3 {[%emt 0:00:54]} 14. e4 {[%emt 0:00:18]} Bxg2 {[%emt 0:00:27]} 15. Kxg2 {[%emt 0:00:02]} f5 {[%emt 0:00:01]} 16. Qe2 {[%emt 0:00:24]} Qd7 {[%emt 0:00:52]} 17. Nb3 {[%emt 0:00:42]} Nb7 {[%emt 0:00:08]} 18. f4 {[%emt 0:00:27]} exf4 {[%emt 0:00:23]} 19. Bxf4 {[%emt 0:00:59]} Ng6 {[%emt 0:01:05]} 20. exf5 {[%emt 0:01:16]} Qxf5 {[%emt 0:00:29]} 21. Be3 {[%emt 0:02:01]} Qe4+ {[%emt 0:00:13]} 22. Kg1 {[%emt 0:00:54]} Rxf1+ {[%emt 0:00:03]} 23. Kxf1 {[%emt 0:00:07]} Qh1+ {[%emt 0:00:03]} 24. Kf2 {[%emt 0:00:13]} Rf8+ {[%emt 0:00:02]} 25. Bf4 {[%emt 0:00:06]} Nxf4 {[%emt 0:01:46]} 26. gxf4 {[%emt 0:00:08]} Qxh2+ {[%emt 0:00:29]} 27. Ke1 {[%emt 0:00:02]} Qxf4 {[%emt 0:00:07]} 28. Qe6+ {[%emt 0:00:13]} Kh8 {[%emt 0:00:24]} 29. Re2 {[%emt 0:00:02]} Nd8 {[%emt 0:00:42]} 30. Qe8 {[%emt 0:00:21]} Kg8 {[%emt 0:00:25]} 31. Qe7 {[%emt 0:00:04]} Nf7 {[%emt 0:00:25]} 32. Rf2 {[%emt 0:00:53]} Qe5+ {[%emt 0:01:07]} 33. Re2 {[%emt 0:00:14]} Qxc3+ {[%emt 0:00:10]} 34. Nd2 {[%emt 0:00:08]} Ne5 {[%emt 0:00:27]} 35. Qe6+ {[%emt 0:01:06]} Kh8 {[%emt 0:00:03]} 36. Qxd6 {[%emt 0:00:02]} Qc1# {[%emt 0:00:02]} 0-1

[Event "European Online Club-ch-C 2021"]
[Site "Online"]
[Date "2021.03.27"]
[Round "1.9"]
[White "Nguyen, Thai Dai Van"]
[Black "Braun, Christian"]
[Result "1-0"]
[WhiteElo "2577"]
[BlackElo "2409"]
[Annotator "ChessBase"]
[PlyCount "49"]
[EventDate "2021.03.27"]
[EventType "team-tourn"]
[EventCountry "NET"]
[SourceTitle "playchess.com"]
[Source "ChessBase"]
[SourceQuality "1"]
[TimeControl "900+5"]

1. e4 {[%emt 0:00:00]} e6 {[%emt 0:00:03]} 2. d4 {[%emt 0:00:04]} d5 {[%emt 0:00:14]} 3. Nd2 {[%emt 0:00:06]} Be7 {[%emt 0:00:04]} 4. Ngf3 {[%emt 0:00:38]} Nf6 {[%emt 0:00:05]} 5. e5 {[%emt 0:00:26]} Nfd7 {[%emt 0:00:02]} 6. Bd3 {[%emt 0:00:02]} c5 {[%emt 0:00:02]} 7. c3 {[%emt 0:00:02]} Nc6 {[%emt 0:00:02]} 8. O-O {[%emt 0:00:03]} g5 {[%emt 0:00:03]} 9. dxc5 {[%emt 0:00:38]} g4 {[%emt 0:00:04]} 10. Nd4 {[%emt 0:00:08]} Ndxe5 {[%emt 0:00:02]} 11. Bb5 {[%emt 0:00:02]} Bd7 {[%emt 0:00:02]} 12. Bxc6 {[%emt 0:00:12]} bxc6 {[%emt 0:00:46]} 13. f4 {[%emt 0:00:12]} Nd3 {[%emt 0:00:38]} 14. b4 {[%emt 0:00:05]} Nxc1 {[%emt 0:00:57]} 15. Rxc1 {[%emt 0:00:04]} f5 {[%emt 0:00:34]} 16. Qe2 {[%emt 0:02:47]} Kf7 {[%emt 0:00:05]} 17. Rce1 {[%emt 0:00:33]} Re8 {[%emt 0:02:12]} 18. N2b3 {[%emt 0:00:08]} Bf6 {[%emt 0:00:07]} 19. a3 {[%emt 0:01:22]} a5 {[%emt 0:01:46]} 20. Nxa5 {[%emt 0:00:44]} Rxa5 {[%emt 0:00:04]} 21. bxa5 {[%emt 0:00:00]} Qxa5 {[%emt 0:00:01]} 22. Qe3 {[%emt 0:00:09]} Qxa3 {[%emt 0:01:31]} 23. Rb1 {[%emt 0:00:05]} h5 {[%emt 0:00:24]} 24. Rb7 {[%emt 0:00:11]} Re7 {[%emt 0:00:03]} 25. Rxd7 {[%emt 0:00:06]} 1-0